000
00215 a2200097 4500
001
47199
100
_a
Aziz Beg
245
_a
Seventeen September Days
260
_a
Lahore
_b
Babur and Amer
_c
090
_c
30254
_d
30254
942
_a
NUST-CAE
_c
M
_c
22508
999
_c
282272
_d
282272